000
00317nam a22001337a 4500
999
_c
156889
_d
156889
020
_a
082
_a
_b
100
_a
Dharma Theertham
245
_a
Sri Narayana gurudevan jeevitha charithram thathwa darsanavum/
_c
by Dharma Theertham.
260
_a
_b
_c
2006.
300
_a
230p.
650
_a
942
_c
BK